000 00963 a2200229 4500
999 _c9850
_d9850
020 _a9780471251583
050 0 0 _aKF4310HER1999
100 1 _aHutt, Sherry.
245 1 0 _aHeritage resources law :
_bprotecting the archeological and cultural environment /
_cSherry Hutt, Caroline M. Blanco, Ole Varmer.
264 _aNew York:
_bJohn Wiley,
_c1999
300 _axv, 591 p. ;
500 _aIncludes index.
650 0 _aCultural property
_xProtection
_xLaw and legislation
650 0 _aHistoric preservation
_xLaw and legislation
650 0 _aArchaeology
_xLaw and legislation
700 1 _aBlanco, Caroline M.
700 1 _aVarmer, Ole.
856 4 2 _3Publisher description
_uhttp://www.loc.gov/catdir/description/wiley037/98034684.html
856 4 _3Table of Contents
_uhttp://www.loc.gov/catdir/toc/onix03/98034684.html
942 _2lcc
_cBK
_h4310
_iHER
_kKF